Datum a čas kvízu

27 Celkem bodů Celkový počet nahraných bodů na tomto kvízu bez doplňovacích otázek.
3. Pořadí na kvízu Konečné umístění týmu na tomto kvízu.

Zaznamenané odpovědi

# Otázka Odpověď Body Výsledky
1. V pondělí byl na hradě Špilber... D) je nafukovací 0
2. Cestující, kteří v úterý chtěl... B) Švýcarsko 0
3. Minulý týden byla odtajněna jm... Červený trpaslík, Kocour 0.5
4. V loterii Eurojackpot padla je... ze Švédska 1
5. Minulý týden byly zveřejněny v... (lední) hokej, David Pastrňák 0
6. Grónsko sice není zcela suveré... .gl 1
7. Pokud byste chtěli okusit jedn... A 0
8. Že je Grónsko největším ostrov... B 1
9. Které tvrzení o Grónsku je pra... D 1
10. Pod kterým písmenem je snímek... D 1